00422nam a22001337a 450000500170000000800410001704100130005808200140007110000420008524500570012726000470018430000320023165000250026320231116101756.0231116b |||||||| |||| 00| 0 eng d aEnglish  a343.9 COO aCooper, WE and Bamford, BR lEnglish  aSouth African Motor Law /cWE Cooper and BR Bamford  aCape Town :bJuta and Company Ltd, c1965  bxlvi, 865 pages ; c26 cm.  aLegal practice bLaw